Statistics for Ten Lowest HDI Countries in Europe

Click here to take the quiz!

General Stats

  • This quiz has been taken 26,916 times
    (17,425 since last reset)
  • The average score is 9 of 10

Answer Stats

HDI Country % Correct
0.787Serbia
88%
0.751Ukraine
87%
0.811Romania
87%
0.700Moldova
85%
0.739Kosovo
85%
0.768 Bosnia and Herzegovina
85%
0.785Albania
85%
0.813 Bulgaria
85%
0.808Belarus
84%
0.757North Macedonia
83%

Score Distribution

Percentile by Number Answered

Percent of People with Each Score

Your Score History

You have not taken this quiz since the last reset